000 00862nam a2200205Ii 4500
003 JO-AjNU
008 230605s9999||||xx |||||||||||||| ||und||
040 _aJO-AjNU
_bara
_erda
_cJO-AjNU
041 _aara
050 1 4 _aLB1028.A94 1992
100 3 _aتاليف عوده، احمد سليمان، م مشارك،ملكاوي،فتحي حسن,
_eauthor
_957731
245 0 0 _aاساسيات البحث العلمي في التربيه والعلوم الانسانيه: عناصر البحث ومناهجة والتحليل الاحصائي لبياتاته
250 _aط2
264 3 1 _aاربد: مكتبة الكتاني ،1992
300 _a398ص
_bببليوجرافيه:349-398
336 _atext
_btxt
_2rdacontent
337 _aunmediated
_bn
_2rdamedia
338 _avolume
_bnc
_2rdacarrier
650 4 _aالتعليم-مناهج البحث
_957732
999 _aA25888
_c29456
_d29456